| 000 | 00889nam a2200349 a 4500 | ||
|---|---|---|---|
| 003 | AR-BaBNM | ||
| 005 | 20251128203110.0 | ||
| 008 | 082120s2002 ||||||||||||||000 | spa|| | ||
| 040 | _cAR-BaBNM | ||
| 100 | 1 | _aBright, John | |
| 245 | 0 | 0 | _aLa historia de Israel |
| 260 |
_aBilbao _bMethopress _bDesclée de Brouwer _c1966 |
||
| 300 |
_a524 p. _btablas |
||
| 490 | 0 | _aBiblioteca de estudios teológicos | |
| 500 | _aContiene esquemas cronológicos p. 505-514 | ||
| 650 | 4 | _aHISTORIA ANTIGUA | |
| 650 | 4 | _aCIVILIZACIONES ANTIGUAS | |
| 650 | 4 | _aASIRIOLOGIA | |
| 650 | 4 | _aEDAD ANTIGUA | |
| 650 | 4 | _aMONARQUIA | |
| 650 | 4 | _aPERSONAS RELIGIOSAS | |
| 650 | 4 | _aJUDAISMO | |
| 650 | 4 | _aJUDIOS | |
| 650 | 4 | _aRELIGION | |
| 650 | 4 | _aGUERRA | |
| 650 | 4 | _aTOLERANCIA | |
| 650 | 4 | _aHISTORIA SOCIAL | |
| 650 | 4 | _aREVOLUCION | |
| 651 | 4 | _aAsia | |
| 942 | _cBK | ||
| 998 | _cmariana | ||
| 999 |
_c1882 _d1882 |
||